000 00359 a2200169 4500
001 171901
020 _a85-7056-150-4
040 _cMagnum
100 _aViana, Vivina de Assis
240 1 0 _aSabe de uma coisa?
_lpor
245 1 0 _aSabe de uma coisa?
300 _a78
362 0 _a1989
440 1 _aAtual
697 _aLITERATURA JUVENIL
942 _cBK
999 _c171901
_d171901